| 000 | 00539nam a2200133Ia 4500 | ||
|---|---|---|---|
| 008 | 160809s9999 xx 000 0 und d | ||
| 100 | _aSkinner, Michael E. | ||
| 245 | _aCREATING SUCCESS FOR STUDENTS WITH LEARNING DISABILITIES IN POSTSECONDARY FOREIGN LANGUAGE COURSES | ||
| 245 | _cMichael E. Skinner, Ph.D., Allison T. Smith, Ph.D. College of Charleston. | ||
| 260 | _bInternational Journal of Special Education | ||
| 260 | _c2011 | ||
| 650 | _xSPECIAL EDUCATION | ||
| 856 | _uhttp://www.internationaljournalofspecialed.com/issues.php | ||
| 999 |
_c300447 _d300447 |
||